| 000 -ლიდერი |
| ფიქსირებული სიგრძის საკონტროლო ველი |
01858nam a22002417a 4500 |
| 003 - საკონტროლო ნომრის იდენტიფიკატორი |
| საკონტროლო ველი |
Ge_BSU |
| 005 - ბოლო ოპერაციის თარიღი და დრო |
| საკონტროლო ველი |
20250324124932.0 |
| 008 - ფიქსირებული სიგრძის მონაცემთა ელემენტები - ზოგადი ინფორმაცია |
| ფიქსირებული სიგრძის საკონტროლო ველი |
250324s2012 ge ||||| |||| 00| 0 geo d |
| 041 ## - ენის კოდი |
| Language code of text/sound track or separate title |
geo |
| 080 ## - უნივერსალური ათობითი კლასიფიკაციის ინდექსი |
| Universal Decimal Classification number |
581.7 : 635.9(479.223) მ-43 |
| 100 ## - მთავარი ჩანაწერი - პიროვნების სახელი |
| Personal name |
მაჭუტაძე, ეთერ |
| 9 (RLIN) |
17485 |
| 245 ## - ცნობა სათაურის შესახებ |
| Title |
ბათუმის ბოტანიკურ ბაღში ინტროდუცირებული დეკორატიული ბუჩქების ბიოეკოლოგიური თავისებურებანი აჭარის ზღვისპირეთში = Bio-ecological Characteristics of the Decorative Bushes Introduced into the Batumi Botanical Garden in Adjara Sea Coast / |
| Statement of responsibility, etc |
ეთერ მაჭუტაძე; რედ. ა. კორახაშვილი, ნ. ლომთათიძე; შოთა რუსთაველის სახელმწიფო უნივერსიტეტი. ბათუმის ბოტანიკური ბაღი. |
| 264 ## - წარმოების, გამოცემის, დისტრიბუციის და სხვა ცნობები |
| გამოცემის, წარმოების, დისტრიბუციის... ადგილი |
ბათუმი, |
| გამოცემის, წარმოების, დისტრიბუციის... თარიღი |
2012. |
| 300 ## - ფიზიკური აღწერა |
| Extent |
155 გვ. : |
| Other physical details |
ილ. ; |
| Dimensions |
20 სმ. |
| 504 ## - BIBLIOGRAPHY, ETC. NOTE |
| Bibliography, etc |
ბიბლიოგრ. გვ.145-154 |
| 520 ## - SUMMARY, ETC. |
| Summary, etc |
რეზიუმე რუს. ენაზე გვ. 142-144 |
| 653 ## - INDEX TERM--UNCONTROLLED |
| Uncontrolled term |
დეკორატიული ინტროდუცენტები |
| 653 ## - INDEX TERM--UNCONTROLLED |
| Uncontrolled term |
დეკორატიული ბუჩქები |
| 700 ## - ADDED ENTRY--PERSONAL NAME |
| Personal name |
კორახაშვილი, ა. |
| Relator term |
რედაქტორი |
| 9 (RLIN) |
12607 |
| 700 ## - ADDED ENTRY--PERSONAL NAME |
| Personal name |
ლომთათიძე, ნ. |
| Relator term |
რედაქტორი |
| 9 (RLIN) |
1126 |
| 710 ## - ADDED ENTRY--CORPORATE NAME |
| Corporate name or jurisdiction name as entry element |
შოთა რუსთაველის სახელმწიფო უნივერსიტეტი |
| Subordinate unit |
ბათუმის ბოტანიკური ბაღი |
| 9 (RLIN) |
24650 |
| 942 ## - ADDED ENTRY ELEMENTS (KOHA) |
| Source of classification or shelving scheme |
|
| Koha item type |
წიგნი |